000 00530nam a2200181Ia 4500
008 100920s9999 xx 000 0 und d
082 _b84231
_a891.463.1 0
100 _aमुजावर बशीर.
245 _aगूढ कथा.
260 _bसाहेबजी प्रकाशन, पुणे.
_c0
300 _a198
_bसाधी
365 _b120
520 _aलघुकथा.
630 _aगूढ कथा.
650 _aलघुकथा.
730 _aगूढ कथा.
942 _cBOOK
999 _c724814
_d724811